Freedom of press : politico-legal aspects of press legislations in India (Record no. 382494)

000 -LEADER
fixed length control field 00444cam a22001457a 4500
008 - FIXED-LENGTH DATA ELEMENTS--GENERAL INFORMATION
fixed length control field 180718b1997 xxu||||| |||| 00| 0 eng d
020 ## - INTERNATIONAL STANDARD BOOK NUMBER
International Standard Book Number 8170334239
082 ## - DEWEY DECIMAL CLASSIFICATION NUMBER
Classification number C41x54 B469
100 ## - MAIN ENTRY--PERSONAL NAME
Personal name Bhatia, Sita
245 ## - TITLE STATEMENT
Title Freedom of press : politico-legal aspects of press legislations in India
Statement of responsibility, etc. by Sita Bhatia
260 ## - PUBLICATION, DISTRIBUTION, ETC.
Place of publication, distribution, etc. Jaipur
Name of publisher, distributor, etc. Rawat
Date of publication, distribution, etc. 1997
300 ## - PHYSICAL DESCRIPTION
Extent 398p.
650 ## - SUBJECT ADDED ENTRY--TOPICAL TERM
Topical term or geographic name entry element Press and politics --India
650 ## - SUBJECT ADDED ENTRY--TOPICAL TERM
Topical term or geographic name entry element Freedom of the press --India
Holdings
Withdrawn status Lost status Damaged status Not for loan Permanent Location Current Location Date acquired Full call number Barcode Date last seen Price effective from Koha item type
        Indian Institute of Public Administration Indian Institute of Public Administration 1997-11-25 C41x54 B469 72559 2018-07-21 2018-07-21 Book

Powered by Koha